00353nam a2200133Ia 4500008004100000020001400041041000800055082001700063100001700080245004700097260003300144300001100177650003100188210716s1998 xx 000 0 und d a672312239 aeng a005.268 PERG aPerry, Greg. aSams tech yourself windows 98 in 24 hours. aU S AbSAMS publishingc1998 axx,356 aMicrosoft Windows(005.269)